000
00291nam a2200109Ia 4500
008
200302s9999 xx 000 0 und d
100
_a
K. P. Yadav
245
_a
Encyclopaedia of Economic Planning and Development Vol 1
260
_b
Sarup & Sons Published
260
_c
1999
300
_a
232 P.,
999
_c
1795
_d
1795